Технический прогресс и вопросы использования трудовых ресурсов; Известия Томского политехнического института [Известия ТПИ]; Т. 255 : Экономические и социально-политические проблемы научно-технического развития

Detalhes bibliográficos
Parent link:Известия Томского политехнического института [Известия ТПИ]/ Томский политехнический институт (ТПИ).— , 1944-1976
Т. 255 : Экономические и социально-политические проблемы научно-технического развития.— 1972.— [С. 106-111]
Autor principal: Нагорнов В. И. Виталий Иванович
Resumo:Заглавие с титульного листа
Электронная версия печатной публикации
Idioma:russo
Publicado em: 1972
Assuntos:
Acesso em linha:Черно-белая версия для предварительного просмотра
Цветная версия без потери качества
Formato: MixedMaterials Recurso Electrónico Capítulo de Livro
KOHA link:https://koha.lib.tpu.ru/cgi-bin/koha/opac-detail.pl?biblionumber=230079

MARC

LEADER 00000nla2a2200000 4500
001 230079
005 20231031202506.0
035 |a (RuTPU)RU\TPU\book\250787 
035 |a RU\TPU\book\250786 
090 |a 230079 
100 |a 20130117d1972 k y0rusy50 ca 
101 0 |a rus 
102 |a RU 
135 |a drnn ---uucaa 
181 0 |a i  
182 0 |a b 
200 1 |a Технический прогресс и вопросы использования трудовых ресурсов  |b Электронный ресурс  |f В. И. Нагорнов 
203 |a Текст  |c электронный 
215 |a 2 файла (364 Кб, 6.8 Мб) 
230 |a Электронные текстовые данные (2 файла : 364 Кб, 6.8 Мб) 
300 |a Заглавие с титульного листа 
300 |a Электронная версия печатной публикации 
337 |a Adobe Reader 
461 1 |0 (RuTPU)RU\TPU\book\200995  |t Известия Томского политехнического института [Известия ТПИ]  |f Томский политехнический институт (ТПИ)  |d 1944-1976 
463 1 |0 (RuTPU)RU\TPU\book\250749  |t Т. 255 : Экономические и социально-политические проблемы научно-технического развития  |v [С. 106-111]  |d 1972  |p 146 с. 
610 1 |a электронный ресурс 
610 1 |a труды учёных ТПУ 
700 1 |a Нагорнов  |b В. И.  |c российский экономист  |c доцент Томского политехнического университета, кандидат экономических наук  |f 1942-  |g Виталий Иванович  |2 stltpush  |3 (RuTPU)RU\TPU\pers\25328 
801 1 |a RU  |b 63413507  |c 20090320  |g PSBO 
801 2 |a RU  |b 63413507  |c 20130412  |g PSBO 
856 4 |u http://www.lib.tpu.ru/fulltext/v/Bulletin_TPU/1972/v255/13_bw.pdf  |z Черно-белая версия для предварительного просмотра 
856 4 |u http://www.lib.tpu.ru/fulltext/v/Bulletin_TPU/1972/v255/13_full.pdf  |z Цветная версия без потери качества 
942 |c CF